[Event "Titled Tuesday intern op 09th Nov"]
[Site "Chess.com INT"]
[Date "2021.11.09"]
[Round "2"]
[White "Debashis, Das"]
[Black "Le Goff, Ronan"]
[Result "1-0"]
[WhiteElo "2491"]
[BlackElo "2277"]
[PlyCount "55"]
[EventDate "2021.11.09"]
[EventType "swiss (blitz)"]
[EventRounds "11"]
[EventCountry "USA"]
[SourceTitle "CBM 205 Extra"]
[Source "ChessBase"]
[SourceDate "2022.01.31"]
[SourceVersion "1"]
[SourceVersionDate "2022.01.31"]
[SourceQuality "1"]

1. Nf3 Nf6 2. g3 d5 3. Bg2 g6 4. 0-0 Bg7 5. d4 0-0 6. c4 dxc4 7. Na3 c5 8. Nxc4 cxd4 9. Nxd4 Nbd7 10. b3 Nb6 11. Bb2 Nxc4 12. bxc4 Qb6 13. Qb3 e5 14. Nb5 a6 15. Nc3 Qc7 16. Rac1 Be6 17. Nd5 Qb8 18. Rfd1 Bxd5 19. cxd5 b5 20. d6 Ra7 21. Bxe5 Re8 22. d7 Qxe5 23. dxe8Q+ Qxe8 24. e3 h5 25. Rc6 Kh7 26. h3 Ne4 27. Qc2 Re7 28. Rc8 1-0

[Event "Titled Tuesday intern op 09th Nov"]
[Site "Chess.com INT"]
[Date "2021.11.09"]
[Round "5"]
[White "Gurevich, Dmitry"]
[Black "Debashis, Das"]
[Result "1/2-1/2"]
[WhiteElo "2370"]
[BlackElo "2491"]
[PlyCount "158"]
[EventDate "2021.11.09"]
[EventType "swiss (blitz)"]
[EventRounds "11"]
[EventCountry "USA"]
[SourceTitle "CBM 205 Extra"]
[Source "ChessBase"]
[SourceDate "2022.01.31"]
[SourceVersion "1"]
[SourceVersionDate "2022.01.31"]
[SourceQuality "1"]

1. d4 Nf6 2. c4 e6 3. Nf3 d5 4. Nc3 Bb4 5. cxd5 exd5 6. Bg5 h6 7. Bxf6 Qxf6 8. Qa4+ Nc6 9. e3 0-0 10. Be2 Rd8 11. 0-0 Bf8 12. Rfc1 a6 13. a3 Ne7 14. Ne5 c6 15. b4 Bf5 16. Qa5 Nc8 17. Na4 Bd6 18. g3 Qe7 19. Nb6 Bc7 20. Nxc8 Raxc8 21. Qc5 Bd6 22. Qb6 Bxe5 23. dxe5 Rd7 24. f4 f6 25. exf6 Qxf6 26. Qd4 Qe6 27. Bf3 Re8 28. Rc3 Rde7 29. Rac1 Qg6 30. Kf2 Be4 31. Be2 Qf5 32. g4 Qd7 33. h4 Rf7 34. Rg1 Qd6 35. Ke1 Rfe7 36. Kd2 Bg6 37. Bf3 Be4 38. Be2 Bg6 39. Bf3 Qd7 40. h5 Be4 41. Be2 Qe6 42. g5 hxg5 43. Rxg5 Kh7 44. Bg4 Qf6 45. Rc1 Qxd4+ 46. exd4 Kh6 47. Rg1 Rf7 48. Be2 Rxf4 49. Rxg7 Rf2 50. Rxb7 Bh7 51. Re1 Bf5 52. Rc7 Bg4 53. Rxc6+ Kxh5 54. Rd6 Rfxe2+ 55. Rxe2 Rxe2+ 56. Kd3 Bf3 57. Rxd5+ Bxd5 58. Kxe2 Kg5 59. a4 Kf5 60. b5 a5 61. b6 Ke6 62. Kd3 Kd6 63. Kc3 Kc6 64. Kb2 Kxb6 65. Ka1 Kc6 66. Kb2 Kd6 67. Ka1 Ke6 68. Kb2 Kf5 69. Ka1 Ke4 70. Kb2 Kxd4 71. Ka1 Kc4 72. Kb2 Kb4 73. Ka1 Kxa4 74. Kb2 Kb4 75. Ka1 a4 76. Kb2 a3+ 77. Ka1 a2 78. Kb2 Ka4 79. Ka1 Kb3 1/2-1/2

[Event "Dhaka Sheikh Russel op"]
[Site "Dhaka"]
[Date "2021.10.24"]
[Round "6"]
[White "Debashis, Das"]
[Black "Hossain, Enamul"]
[Result "1/2-1/2"]
[WhiteElo "2501"]
[BlackElo "2396"]
[PlyCount "148"]
[EventDate "2021.10.19"]
[EventType "swiss"]
[EventRounds "9"]
[EventCountry "BAN"]
[SourceTitle "CBM 204 Extra"]
[Source "ChessBase"]
[SourceDate "2021.11.30"]
[SourceVersion "1"]
[SourceVersionDate "2021.11.30"]
[SourceQuality "1"]

1. c4 c5 2. Nc3 g6 3. g3 Bg7 4. Bg2 Nc6 5. Nf3 e6 6. d4 cxd4 7. Nb5 d5 8. cxd5 exd5 9. 0-0 Nf6 10. Nbxd4 0-0 11. Nxc6 bxc6 12. Qc2 Bb7 13. Be3 Re8 14. Bd4 a5 15. Rfd1 Bf8 16. b3 Ne4 17. Ne5 c5 18. Bb2 Bg7 19. Bxe4 Bxe5 20. Bf3 Rc8 21. Rd2 Qf6 22. Rad1 Red8 23. Bxe5 Qxe5 24. Rd3 a4 25. bxa4 Bc6 26. a5 d4 27. Bxc6 Rxc6 28. e3 Rcd6 29. exd4 Rxd4 30. Rxd4 cxd4 31. a6 d3 32. Qa4 Qd4 33. Qxd4 Rxd4 34. Kf1 h5 35. Ra1 Ra4 36. Ke1 Kf8 37. Kd2 Ra3 38. a7 Ke7 39. a8Q Rxa8 40. a4 Ra5 41. Kxd3 Kd6 42. Ke4 Re5+ 43. Kd4 Ra5 44. Ra3 g5 45. Kc4 g4 46. Kd4 Rd5+ 47. Kc4 Ra5 48. Kb4 Rf5 49. a5 Kc7 50. a6 Kb8 51. a7+ Ka8 52. Ra2 Rd5 53. Kc4 Rd6 54. Kc5 Rd3 55. Ra4 Rd7 56. Kc6 Re7 57. Kd5 Re1 58. Kc6 Rc1+ 59. Kb6 Rb1+ 60. Ka6 Rb7 61. Rf4 Rxa7+ 62. Kb6 Re7 63. Kc6 Kb8 64. Kd6 Re1 65. Rf5 Kc8 66. Rxf7 Rh1 67. Rf8+ Kb7 68. Rf5 Rxh2 69. Ke5 Kc6 70. Kf6 Kd6 71. Kg6 Ke7 72. Rxh5 Rxf2 73. Rh4 Kf8 74. Rxg4 Kg8 1/2-1/2

[Event "Dhaka Sheikh Russel op"]
[Site "Dhaka"]
[Date "2021.10.21"]
[Round "3"]
[White "Murshed, Niaz"]
[Black "Debashis, Das"]
[Result "0-1"]
[WhiteElo "2410"]
[BlackElo "2501"]
[PlyCount "76"]
[EventDate "2021.10.19"]
[EventType "swiss"]
[EventRounds "9"]
[EventCountry "BAN"]
[SourceTitle "CBM 204 Extra"]
[Source "ChessBase"]
[SourceDate "2021.11.30"]
[SourceVersion "1"]
[SourceVersionDate "2021.11.30"]
[SourceQuality "1"]

1. Nf3 c5 2. c4 Nc6 3. g3 g6 4. Bg2 Bg7 5. Nc3 d6 6. 0-0 Rb8 7. d3 Nf6 8. Rb1 0-0 9. a3 a6 10. b4 cxb4 11. axb4 b5 12. cxb5 axb5 13. Ne1 Bd7 14. Nc2 Qc8 15. Nd5 Nxd5 16. Bxd5 Bh3 17. Re1 Be6 18. Bxe6 fxe6 19. Bb2 e5 20. d4 Qh3 21. f3 Rf5 22. e4 Rh5 23. Re2 Rf8 24. d5 Nd8 25. Rg2 Nf7 26. Bc1 Bh6 27. Qe2 Bxc1 28. Rxc1 Qc8 29. h4 Kh8 30. Rf1 Qd7 31. Ne3 Rc8 32. Qd2 Qa7 33. Kh2 Qa3 34. Re2 Rc3 35. Kg2 Rd3 36. Qc1 Qxb4 37. Qc8+ Kg7 38. Rc1 Rxe3 0-1

[Event "Dhaka Sheikh Russel op"]
[Site "Dhaka"]
[Date "2021.10.20"]
[Round "2"]
[White "Debashis, Das"]
[Black "Sanket, Chakravarty"]
[Result "1-0"]
[WhiteElo "2501"]
[BlackElo "2288"]
[PlyCount "85"]
[EventDate "2021.10.19"]
[EventType "swiss"]
[EventRounds "9"]
[EventCountry "BAN"]
[SourceTitle "CBM 204 Extra"]
[Source "ChessBase"]
[SourceDate "2021.11.30"]
[SourceVersion "1"]
[SourceVersionDate "2021.11.30"]
[SourceQuality "1"]

1. Nf3 Nf6 2. c4 c5 3. Nc3 Nc6 4. g3 e6 5. Bg2 d5 6. cxd5 exd5 7. d4 cxd4 8. Nxd4 Bc5 9. Nb3 Bb6 10. 0-0 d4 11. Na4 0-0 12. Nxb6 axb6 13. Bg5 Re8 14. Re1 h6 15. Bxc6 bxc6 16. Bxf6 Qxf6 17. Qxd4 Qd8 18. Qc3 c5 19. Rad1 Qc7 20. Nc1 Ba6 21. a3 Re7 22. Nd3 Rae8 23. Nf4 Qc6 24. Rd2 Kh8 25. Qc2 Bb7 26. f3 c4 27. Red1 Qc5+ 28. Kf1 Qc8 29. Rd6 b5 30. e4 Kg8 31. Qc3 f5 32. Ng6 Re6 33. e5 Kh7 34. Rxe6 Rxe6 35. Nf4 Re8 36. e6 Re7 37. Qe5 Qf8 38. Rd7 Bxf3 39. Qc7 Re8 40. Rf7 Qg8 41. Qe5 Be4 42. Nh5 Bd3+ 43. Kf2 1-0

[Event "Titled Tuesday intern op 11th May"]
[Site "Chess.com INT"]
[Date "2021.05.11"]
[Round "2"]
[White "Debashis, Das"]
[Black "Nitin, Senthilvel"]
[Result "1/2-1/2"]
[WhiteElo "2501"]
[BlackElo "2381"]
[PlyCount "78"]
[EventDate "2021.05.11"]
[EventType "swiss (blitz)"]
[EventRounds "11"]
[EventCountry "USA"]
[SourceTitle "CBM 202 Extra"]
[Source "ChessBase"]
[SourceDate "2021.07.31"]
[SourceVersion "1"]
[SourceVersionDate "2021.07.31"]
[SourceQuality "1"]

1. e4 c5 2. Nf3 d6 3. d4 cxd4 4. Nxd4 Nf6 5. Nc3 e6 6. Be2 Be7 7. 0-0 0-0 8. Be3 Nc6 9. f4 Bd7 10. Kh1 Qb8 11. a4 Nxd4 12. Qxd4 e5 13. Qd3 Bc6 14. fxe5 dxe5 15. Bg5 Qd8 16. Qc4 Rc8 17. Rad1 Nd7 18. Bxe7 Qxe7 19. Bg4 Rcd8 20. Bxd7 Rxd7 21. Rxd7 Qxd7 22. Rd1 Qg4 23. b4 h5 24. b5 Bd7 25. h3 Qe6 26. Qxe6 Bxe6 27. Nd5 Kh7 28. Nc7 Bc8 29. Rd5 f5 30. Rxe5 fxe4 31. Rxe4 Rf1+ 32. Kh2 Bf5 33. Re2 Ra1 34. Nd5 Rxa4 35. Re7 Ra2 36. Ne3 Bxc2 37. Nxc2 Rxc2 38. Rxb7 Rb2 39. Rxa7 Rxb5 1/2-1/2

[Event "Titled Tuesday intern op 11th May"]
[Site "Chess.com INT"]
[Date "2021.05.11"]
[Round "8"]
[White "Debashis, Das"]
[Black "Pakleza, Zbigniew"]
[Result "1-0"]
[WhiteElo "2501"]
[BlackElo "2501"]
[PlyCount "121"]
[EventDate "2021.05.11"]
[EventType "swiss (blitz)"]
[EventRounds "11"]
[EventCountry "USA"]
[SourceTitle "CBM 202 Extra"]
[Source "ChessBase"]
[SourceDate "2021.07.31"]
[SourceVersion "1"]
[SourceVersionDate "2021.07.31"]
[SourceQuality "1"]

1. e4 d6 2. d4 Nf6 3. Nc3 c6 4. Nf3 Bg4 5. Be2 e6 6. 0-0 Be7 7. h3 Bh5 8. Be3 d5 9. e5 Nfd7 10. Nd2 Bg6 11. Nb3 c5 12. Nxc5 Nxc5 13. dxc5 Nc6 14. Nb5 0-0 15. f4 d4 16. Nxd4 Bxc5 17. c3 Bxd4 18. Bxd4 Nxd4 19. Qxd4 Qxd4+ 20. cxd4 Rfd8 21. Rfd1 Be4 22. Rac1 Rac8 23. Kf2 g6 24. Rc3 Bd5 25. a3 Kg7 26. Rdc1 Bc6 27. Rd1 h6 28. g4 g5 29. fxg5 hxg5 30. Bf3 Bxf3 31. Kxf3 Rxc3+ 32. bxc3 Rc8 33. Rc1 b5 34. Ke4 Rh8 35. a4 a6 36. axb5 axb5 37. Rh1 f6 38. exf6+ Kxf6 39. Rf1+ Ke7 40. Rf3 Kd6 41. Re3 Rf8 42. Kd3 Rh8 43. Kc2 b4 44. cxb4 Kd5 45. Kd3 Rh7 46. b5 Kd6 47. Kc4 Rc7+ 48. Kb4 Rc1 49. Rc3 Rb1+ 50. Ka5 Ra1+ 51. Kb6 Ra4 52. Rd3 Rb4 53. Ka6 Kd5 54. b6 Kc6 55. Rc3+ Kd5 56. b7 Ra4+ 57. Kb6 Rb4+ 58. Kc7 Kxd4 59. Rc6 e5 60. Rb6 Rc4+ 61. Kd7 1-0

[Event "Titled Tuesday intern op 11th May"]
[Site "Chess.com INT"]
[Date "2021.05.11"]
[Round "7"]
[White "Mohammad Fahad, Rahman"]
[Black "Debashis, Das"]
[Result "1/2-1/2"]
[WhiteElo "2314"]
[BlackElo "2501"]
[PlyCount "112"]
[EventDate "2021.05.11"]
[EventType "swiss (blitz)"]
[EventRounds "11"]
[EventCountry "USA"]
[SourceTitle "CBM 202 Extra"]
[Source "ChessBase"]
[SourceDate "2021.07.31"]
[SourceVersion "1"]
[SourceVersionDate "2021.07.31"]
[SourceQuality "1"]

1. e4 c5 2. Nf3 d6 3. d4 cxd4 4. Qxd4 Nf6 5. c4 Nc6 6. Qe3 Bg4 7. Be2 g6 8. 0-0 Bxf3 9. Bxf3 Bg7 10. Rd1 Nd7 11. Nc3 0-0 12. b3 Qb6 13. Qe1 Nd4 14. Bg4 Ne5 15. Na4 Qc6 16. Bb2 Nc2 17. Qe2 Nxa1 18. Bxa1 Nxg4 19. Bxg7 Kxg7 20. Qxg4 b5 21. cxb5 Qxb5 22. Nc3 Qe5 23. Nd5 e6 24. Ne3 Rfd8 25. h4 h5 26. Qf3 Rac8 27. Nc4 Qf6 28. Qe3 d5 29. e5 Qxh4 30. Nd6 Rc2 31. Qxa7 Rd7 32. Qe3 Rxa2 33. Qf3 d4 34. g3 Qg4 35. Qxg4 hxg4 36. Rxd4 Kf8 37. Rxg4 Rb2 38. b4 Ke7 39. Rc4 Rxd6 40. exd6+ Kxd6 41. Kg2 f5 42. g4 g5 43. gxf5 exf5 44. Rc5 Ke6 45. Rb5 g4 46. Kg3 Rb3+ 47. Kg2 f4 48. Rg5 g3 49. fxg3 fxg3 50. b5 Kd6 51. Rh5 Kc7 52. Rg5 Kb6 53. Rf5 Rxb5 54. Rf6+ Ka5 55. Kxg3 Rb6 56. Rxb6 Kxb6 1/2-1/2

[Event "Titled Tuesday intern op 11th May"]
[Site "Chess.com INT"]
[Date "2021.05.11"]
[Round "5"]
[White "Stoleriu, George"]
[Black "Debashis, Das"]
[Result "0-1"]
[WhiteElo "2372"]
[BlackElo "2501"]
[PlyCount "104"]
[EventDate "2021.05.11"]
[EventType "swiss (blitz)"]
[EventRounds "11"]
[EventCountry "USA"]
[SourceTitle "CBM 202 Extra"]
[Source "ChessBase"]
[SourceDate "2021.07.31"]
[SourceVersion "1"]
[SourceVersionDate "2021.07.31"]
[SourceQuality "1"]

1. e4 c5 2. Nf3 d6 3. Bb5+ Nd7 4. d4 cxd4 5. Qxd4 a6 6. Bxd7+ Bxd7 7. c4 Nf6 8. 0-0 e6 9. Nc3 Be7 10. Rd1 Bc6 11. Qd3 0-0 12. Nd4 Rc8 13. Nxc6 Rxc6 14. b3 Qa5 15. Bb2 Rfc8 16. Rac1 h6 17. h3 Nd7 18. Qg3 Qg5 19. Qxg5 hxg5 20. Ne2 Ne5 21. g3 Kf8 22. Kg2 g6 23. f4 gxf4 24. gxf4 Nd7 25. Nd4 R6c7 26. Ba3 Nf6 27. Kf3 Kg7 28. Rh1 d5 29. Bb2 dxe4+ 30. Ke2 Kh7 31. Nc2 Nh5 32. Be5 Rd7 33. Rhd1 Rcd8 34. Rxd7 Rxd7 35. Ne3 f5 36. Rd1 Rxd1 37. Nxd1 g5 38. fxg5 Bxg5 39. Nc3 Bf6 40. Bxf6 Nxf6 41. b4 f4 42. c5 Kg6 43. a4 Kf5 44. b5 axb5 45. axb5 Ke5 46. h4 f3+ 47. Kf2 Kf4 48. Nd1 e3+ 49. Nxe3 Ne4+ 50. Kg1 Kxe3 51. c6 f2+ 52. Kg2 Ke2 0-1

[Event "Titled Tuesday intern op 27th Apr"]
[Site "Chess.com INT"]
[Date "2021.04.27"]
[Round "5"]
[White "Debashis, Das"]
[Black "Lewicki, Miroslaw"]
[Result "1-0"]
[WhiteElo "2501"]
[BlackElo "2348"]
[PlyCount "81"]
[EventDate "2021.04.27"]
[EventType "swiss (blitz)"]
[EventRounds "11"]
[EventCountry "USA"]
[SourceTitle "CBM 202 Extra"]
[Source "ChessBase"]
[SourceDate "2021.07.31"]
[SourceVersion "1"]
[SourceVersionDate "2021.07.31"]
[SourceQuality "1"]

1. e4 c5 2. Nf3 d6 3. d4 cxd4 4. Nxd4 Nf6 5. Nc3 a6 6. f3 e5 7. Nb3 Be7 8. Be3 0-0 9. Qd2 Nc6 10. g4 Be6 11. g5 Nh5 12. 0-0-0 a5 13. a4 Nb4 14. Kb1 Rc8 15. Bb5 Qc7 16. Qf2 d5 17. Bb6 Qd6 18. Nxd5 Bxd5 19. c3 Qg6 20. Nxa5 Bxe4+ 21. fxe4 Qxe4+ 22. Ka1 Nc6 23. Nb3 Ra8 24. Nc5 Bxc5 25. Bxc5 Rfd8 26. Rxd8+ Rxd8 27. Re1 Qf4 28. Qxf4 exf4 29. Bxc6 bxc6 30. a5 f6 31. a6 fxg5 32. a7 Nf6 33. Re7 Ra8 34. Rb7 Rxa7+ 35. Rxa7 h5 36. Bd4 f3 37. Kb1 c5 38. Bxc5 g4 39. b4 Ne4 40. Bd4 h4 41. b5 1-0

[Event "Sukooon Resort Indian"]
[Site "Chess.com INT"]
[Date "2020.05.15"]
[Round "3.3"]
[White "Debashis, Das"]
[Black "Bhakti, Kulkarni"]
[Result "1-0"]
[WhiteElo "2501"]
[BlackElo "2391"]
[PlyCount "85"]
[EventDate "2020.05.15"]
[EventType "team-tourn (rapid)"]
[EventRounds "9"]
[EventCountry "IND"]
[SourceTitle "CBM 196 Extra"]
[Source "ChessBase"]
[SourceDate "2020.07.31"]
[SourceVersion "1"]
[SourceVersionDate "2020.07.31"]
[SourceQuality "1"]
[WhiteTeam "Desi Boys"]
[BlackTeam "United India"]
[WhiteTeamCountry "IND"]
[BlackTeamCountry "IND"]

1. d4 d5 2. c4 e6 3. Nf3 Nf6 4. Nc3 Be7 5. Bf4 0-0 6. e3 b6 7. Bd3 Bb7 8. 0-0 c5 9. dxc5 bxc5 10. Rc1 Nc6 11. cxd5 exd5 12. Ne5 Qc8 13. Qe2 Nb4 14. Bb5 Qe6 15. a3 a6 16. axb4 axb5 17. bxc5 b4 18. Nb5 Ba6 19. Rfe1 g5 20. Bg3 Qc8 21. Nf3 Ne4 22. Nfd4 Nxc5 23. Qf3 Qd7 24. Nc7 Nd3 25. Nxa8 Nxe1 26. Rxe1 Rxa8 27. h4 gxh4 28. Bf4 Bd3 29. Rc1 Be4 30. Qh5 Bg6 31. Qe5 f6 32. Qc7 Qxc7 33. Rxc7 Bd8 34. Rd7 Bf7 35. Rb7 Kg7 36. Rxb4 Ra1+ 37. Kh2 Be7 38. Rb7 Bc5 39. Ne6+ Kg6 40. Nxc5 d4 41. exd4 Bd5 42. Rd7 Bc6 43. Rd6 1-0

[Event "Sukooon Resort Indian"]
[Site "Chess.com INT"]
[Date "2020.05.15"]
[Round "1.4"]
[White "Debashis, Das"]
[Black "Sadhwani, Raunak"]
[Result "1-0"]
[WhiteElo "2501"]
[BlackElo "2545"]
[PlyCount "47"]
[EventDate "2020.05.15"]
[EventType "team-tourn (rapid)"]
[EventRounds "9"]
[EventCountry "IND"]
[SourceTitle "CBM 196 Extra"]
[Source "ChessBase"]
[SourceDate "2020.07.31"]
[SourceVersion "1"]
[SourceVersionDate "2020.07.31"]
[SourceQuality "1"]
[WhiteTeam "Desi Boys"]
[BlackTeam "Superkids"]
[WhiteTeamCountry "IND"]
[BlackTeamCountry "IND"]

1. d4 f5 2. Nf3 Nf6 3. g3 g6 4. Bg2 Bg7 5. 0-0 0-0 6. c4 d6 7. Nc3 c6 8. b3 Na6 9. Bb2 Qc7 10. Rc1 e5 11. Nb5 Qd8 12. dxe5 dxe5 13. Nxe5 cxb5 14. cxb5 Nb8 15. Qxd8 Rxd8 16. Rfd1 Rxd1+ 17. Rxd1 Nfd7 18. Nxd7 Bxb2 19. Nc5 Bf6 20. Nxb7 Nd7 21. Nd6 Rb8 22. Nxc8 Nb6 23. Nxa7 Re8 24. e3 1-0

[Event "Mumbai Wealth op 5th"]
[Site "Mumbai"]
[Date "2020.01.05"]
[Round "7"]
[White "Manik, Mikulas"]
[Black "Debashis, Das"]
[Result "1-0"]
[WhiteElo "2379"]
[BlackElo "2523"]
[PlyCount "65"]
[EventDate "2019.12.30"]
[EventType "swiss"]
[EventRounds "9"]
[EventCountry "IND"]
[SourceTitle "CBM 194 Extra"]
[Source "ChessBase"]
[SourceDate "2020.03.31"]
[SourceVersion "1"]
[SourceVersionDate "2020.03.31"]
[SourceQuality "1"]

1. e4 c5 2. Nf3 d6 3. d4 cxd4 4. Nxd4 Nf6 5. Nc3 a6 6. Be3 e6 7. Be2 Be7 8. f4 Qc7 9. a4 Nc6 10. 0-0 0-0 11. Kh1 Re8 12. g4 Nxd4 13. Bxd4 e5 14. Be3 exf4 15. Bxf4 Bf8 16. Bf3 Be6 17. g5 Nd7 18. Nd5 Qa5 19. b4 Qd8 20. a5 Rc8 21. Ra3 Ne5 22. Bg2 Ng6 23. Bc1 Kh8 24. Bh3 Rc4 25. Bf5 Nh4 26. Bxe6 fxe6 27. Qh5 Rxe4 28. g6 Nxg6 29. Bg5 Qd7 30. Rh3 h6 31. Bxh6 gxh6 32. Qxg6 Bg7 33. Nf6 1-0

[Event "Mumbai Wealth op 5th"]
[Site "Mumbai"]
[Date "2020.01.04"]
[Round "6"]
[White "Debashis, Das"]
[Black "Girinath, PDS"]
[Result "1-0"]
[WhiteElo "2523"]
[BlackElo "2330"]
[PlyCount "118"]
[EventDate "2019.12.30"]
[EventType "swiss"]
[EventRounds "9"]
[EventCountry "IND"]
[SourceTitle "CBM 194 Extra"]
[Source "ChessBase"]
[SourceDate "2020.03.31"]
[SourceVersion "1"]
[SourceVersionDate "2020.03.31"]
[SourceQuality "1"]

1. d4 Nf6 2. c4 g6 3. Nf3 Bg7 4. Nc3 0-0 5. e4 d6 6. Be3 Na6 7. Be2 e5 8. 0-0 c6 9. d5 Nc5 10. Nd2 a5 11. a3 Ncd7 12. b4 c5 13. Qb3 b6 14. Rfb1 Ne8 15. bxa5 bxa5 16. Ra2 f5 17. f3 Bf6 18. exf5 gxf5 19. Qc2 Bg5 20. Nf1 Bxe3+ 21. Nxe3 Qg5 22. Qd2 e4 23. Ned1 Qxd2 24. Rxd2 exf3 25. gxf3 f4 26. Nf2 Ne5 27. Nfe4 Ra7 28. Kf2 Rg7 29. Rg1 Rxg1 30. Kxg1 Rf7 31. Rb2 Rb7 32. Rxb7 Bxb7 33. Nb5 Nf7 34. Nd2 Bc8 35. Nb3 a4 36. Nd2 Kf8 37. Nc3 Bd7 38. Bd1 Ke7 39. Ne2 Ne5 40. Nxf4 Nc7 41. Bc2 h6 42. Kf2 Na8 43. Ng2 Nb6 44. Ne3 Bc8 45. Ke2 Ba6 46. Bd3 Bc8 47. f4 Ng4 48. Ndf1 Kf6 49. Ng2 Ke7 50. Nh4 Nf6 51. Ne3 Ng8 52. Nhf5+ Bxf5 53. Nxf5+ Kd7 54. Kf3 Nc8 55. Kg4 Nce7 56. Nxe7 Kxe7 57. Bc2 Kf6 58. Bxa4 h5+ 59. Kf3 Ke7 1-0

[Event "Mumbai Wealth op 5th"]
[Site "Mumbai"]
[Date "2020.01.01"]
[Round "3"]
[White "Utsab, Chatterjee"]
[Black "Debashis, Das"]
[Result "0-1"]
[WhiteElo "2200"]
[BlackElo "2523"]
[PlyCount "82"]
[EventDate "2019.12.30"]
[EventType "swiss"]
[EventRounds "9"]
[EventCountry "IND"]
[SourceTitle "CBM 194 Extra"]
[Source "ChessBase"]
[SourceDate "2020.03.31"]
[SourceVersion "1"]
[SourceVersionDate "2020.03.31"]
[SourceQuality "1"]

1. e4 c5 2. Nf3 e6 3. d4 cxd4 4. Nxd4 a6 5. Bd3 Qc7 6. 0-0 Nf6 7. Qe2 d6 8. Kh1 Nbd7 9. c4 Ne5 10. Nc3 Be7 11. f4 Nxd3 12. Qxd3 0-0 13. b3 Bd7 14. Ba3 Rfe8 15. Rae1 Bc6 16. e5 dxe5 17. Bxe7 exd4 18. Bxf6 gxf6 19. Qxd4 Qd8 20. Qe3 Kh8 21. Rd1 Qe7 22. f5 Rad8 23. fxe6 fxe6 24. Rxd8 Rxd8 25. Ne4 Rg8 26. Rf2 Qg7 27. Ng3 e5 28. Kg1 Qe7 29. Nf5 Qd7 30. Nh4 Qd1+ 31. Rf1 Qg4 32. Rxf6 Bxg2 33. Ng6+ Rxg6 34. Rxg6 Qxg6 35. Qxe5+ Kg8 36. Qb8+ Kf7 37. Qc7+ Ke8 38. Qc8+ Ke7 39. Qc7+ Ke6 40. Qc8+ Ke5 41. Qc7+ Kd4 0-1

[Event "Commonwealth-ch"]
[Site "New Delhi"]
[Date "2019.07.03"]
[Round "5"]
[White "Debashis, Das"]
[Black "Saravana, Krishnan P"]
[Result "1-0"]
[WhiteElo "2544"]
[BlackElo "2290"]
[PlyCount "119"]
[EventDate "2019.06.30"]
[EventType "swiss"]
[EventRounds "9"]
[EventCountry "IND"]
[SourceTitle "CBM 191 Extra"]
[Source "ChessBase"]
[SourceDate "2019.09.30"]
[SourceVersion "1"]
[SourceVersionDate "2019.09.30"]
[SourceQuality "1"]

1. Nf3 d5 2. c4 e6 3. d4 Nf6 4. Nc3 c6 5. e3 Nbd7 6. Qc2 Bd6 7. Be2 0-0 8. 0-0 dxc4 9. Bxc4 e5 10. h3 Qe7 11. Bd2 e4 12. Ng5 Nb6 13. Bb3 Bf5 14. f3 Rae8 15. fxe4 Bg6 16. Qd1 h6 17. e5 hxg5 18. exf6 gxf6 19. Qf3 Nd7 20. Rae1 Bc7 21. g4 Qd6 22. Qg2 a6 23. Bc1 Kg7 24. Rf3 Kg8 25. Rff1 Kg7 26. Rf3 Re7 27. Ne2 c5 28. Rd1 Qc6 29. d5 Qd6 30. Rdf1 b5 31. Ng3 c4 32. Bc2 Qxd5 33. Nf5+ Bxf5 34. Rxf5 Qxg2+ 35. Kxg2 Rfe8 36. h4 gxh4 37. g5 Re6 38. Kh3 Bd8 39. Bd2 Rg8 40. Rd5 Ne5 41. Bc3 Rge8 42. Bf5 Rb6 43. Bd4 Rb8 44. gxf6+ Bxf6 45. Rd6 Bg5 46. Rxa6 f6 47. Ra7+ Nf7 48. Rg1 Kf8 49. Bg6 Ne5 50. Bxe8 Rxe8 51. Rf1 Kg8 52. Rb7 Nf7 53. Rxb5 Re4 54. a4 Bxe3 55. Bxe3 Rxe3+ 56. Kxh4 Kg7 57. a5 Kg6 58. a6 Ng5 59. a7 Re8 60. Rb8 1-0

[Event "Commonwealth-ch"]
[Site "New Delhi"]
[Date "2019.07.01"]
[Round "3"]
[White "Debashis, Das"]
[Black "Oatlhotse, Providence"]
[Result "1-0"]
[WhiteElo "2544"]
[BlackElo "2244"]
[PlyCount "75"]
[EventDate "2019.06.30"]
[EventType "swiss"]
[EventRounds "9"]
[EventCountry "IND"]
[SourceTitle "CBM 191 Extra"]
[Source "ChessBase"]
[SourceDate "2019.09.30"]
[SourceVersion "1"]
[SourceVersionDate "2019.09.30"]
[SourceQuality "1"]

1. e4 c5 2. Nf3 d6 3. d4 cxd4 4. Nxd4 Nf6 5. Nc3 a6 6. Be3 e5 7. Nb3 Be6 8. f3 h5 9. Qd2 Nbd7 10. 0-0-0 Qc7 11. Kb1 Be7 12. h3 h4 13. f4 0-0 14. f5 Bc4 15. g4 hxg3 16. Rg1 Bxf1 17. Rdxf1 Qc4 18. Bh6 Nh5 19. Qd1 Ndf6 20. Bg5 Rfd8 21. Nd2 Qc5 22. Bxf6 Nxf6 23. Rxg3 d5 24. Rfg1 Bf8 25. exd5 Nxd5 26. Nce4 Qe7 27. Qf3 f6 28. Rg6 b5 29. h4 Rac8 30. h5 Qc7 31. Qb3 Kh7 32. h6 Qxc2+ 33. Qxc2 Rxc2 34. hxg7 Bxg7 35. Rxg7+ Kh8 36. Kxc2 Ne3+ 37. Kb1 Nxf5 38. R7g6 1-0

[Event "Goa op 2nd"]
[Site "Taleigao"]
[Date "2019.06.25"]
[Round "10"]
[White "Konguvel, Ponnuswamy"]
[Black "Debashis, Das"]
[Result "0-1"]
[WhiteElo "2293"]
[BlackElo "2544"]
[PlyCount "92"]
[EventDate "2019.06.18"]
[EventType "swiss"]
[EventRounds "10"]
[EventCountry "IND"]
[SourceTitle "CBM 191 Extra"]
[Source "ChessBase"]
[SourceDate "2019.09.30"]
[SourceVersion "1"]
[SourceVersionDate "2019.09.30"]
[SourceQuality "1"]

1. e4 c5 2. Nf3 d6 3. d4 cxd4 4. Nxd4 Nf6 5. Nc3 a6 6. Bg5 e6 7. f4 Qb6 8. Qd3 Nc6 9. Bxf6 gxf6 10. Nb3 Bd7 11. 0-0-0 0-0-0 12. Be2 Rg8 13. g3 Kb8 14. Bh5 Rg7 15. Rhf1 Rc8 16. Kb1 Be7 17. Qe2 Na5 18. Rf3 Nc4 19. Rfd3 Qc7 20. Nd2 Na5 21. Nb3 Nc4 22. Nd2 Nb6 23. Nf1 Qc5 24. Ne3 Qa5 25. f5 Rc7 26. Qd2 Qc5 27. a3 Rc8 28. Ne2 Bc6 29. Bf3 Na4 30. Nd4 Bd7 31. Rb3 Qc7 32. Ne2 Bc6 33. Nf4 Nc5 34. Rc3 Rgg8 35. fxe6 fxe6 36. b4 Na4 37. Rb3 Qd7 38. Bg2 Rg5 39. Bh3 Re5 40. Nc4 Rxe4 41. Nxd6 Qxd6 42. Qxd6+ Bxd6 43. Rxd6 Re1+ 44. Ka2 Bd5 45. c4 Rxc4 46. Rd8+ Ka7 0-1

[Event "Goa op 2nd"]
[Site "Taleigao"]
[Date "2019.06.24"]
[Round "9"]
[White "Debashis, Das"]
[Black "Neelash, Saha"]
[Result "1/2-1/2"]
[WhiteElo "2544"]
[BlackElo "2315"]
[PlyCount "60"]
[EventDate "2019.06.18"]
[EventType "swiss"]
[EventRounds "10"]
[EventCountry "IND"]
[SourceTitle "CBM 191 Extra"]
[Source "ChessBase"]
[SourceDate "2019.09.30"]
[SourceVersion "1"]
[SourceVersionDate "2019.09.30"]
[SourceQuality "1"]

1. d4 d5 2. c4 e6 3. Nf3 Nf6 4. Nc3 c6 5. e3 Nbd7 6. Bd3 dxc4 7. Bxc4 b5 8. Bd3 a6 9. e4 c5 10. d5 c4 11. Bc2 e5 12. 0-0 Bc5 13. Ne2 0-0 14. b3 cxb3 15. axb3 Ne8 16. Bd2 Nd6 17. Ba5 Bb6 18. Bb4 Qe7 19. Qd2 Bc5 20. Bc3 Bb7 21. Ng3 Rfc8 22. Rfc1 g6 23. h4 Ne8 24. b4 Bd6 25. Rab1 Nb6 26. Bb3 Nd7 27. Bc2 Nb6 28. Bb3 Nd7 29. Bc2 Nb6 30. Bb3 Nd7 1/2-1/2